| 000 | 00767nam a2200253 a 4500 | ||
|---|---|---|---|
| 001 | 24944 | ||
| 003 | CO-ViMGA | ||
| 008 | 141112s2004 ck r 000 u spa d | ||
| 020 | _a9789587584578 | ||
| 040 |
_aCO-ViMGA _bspa _cCO-ViMGA |
||
| 041 | _aSPA | ||
| 090 | _aC AHL1 | ||
| 100 | 1 |
_aAhlberg, Allan _937558 |
|
| 245 | 1 | 0 |
_aAdiós, pequeño! / _cAllan Ahlberg, Janet Ahlberg, ; traducido por María Puncel |
| 250 | _a1a ed. | ||
| 260 |
_aBogotá : _bAlfaguara, _c2009 |
||
| 300 | _a32 p. : il. col. | ||
| 490 | _aNidos para la lectura : yo empiezo a leer con otros | ||
| 650 | 1 | 4 |
_aCUENTOS INFANTILES INGLESES _915884 |
| 650 | 1 | 4 |
_aDESDE LOS 3 AÑOS _937559 |
| 650 | 1 | 4 |
_aLITERATURA _92198 |
| 650 | 1 | 4 |
_aLITERATURA INFANTIL INGLESA _937560 |
| 942 |
_2ddc _cBK |
||
| 999 |
_c2558 _d2558 |
||